Normal view MARC view

Entry Personal Name

Number of records used in: 1

001 - CONTROL NUMBER

  • control field: 10037

003 - CONTROL NUMBER IDENTIFIER

  • control field: DLC

005 - DATE AND TIME OF LATEST TRANSACTION

  • control field: 20231205140710.0

008 - FIXED-LENGTH DATA ELEMENTS

  • fixed length control field: 800612n| azannaabn |a aaa

010 ## - LIBRARY OF CONGRESS CONTROL NUMBER

  • LC control number: n 50030680

035 ## - SYSTEM CONTROL NUMBER

  • System control number: (OCoLC)oca00066046

040 ## - CATALOGING SOURCE

  • Original cataloging agency: DLC
  • Language of cataloging: eng
  • Description conventions: rda
  • Transcribing agency: DLC
  • Modifying agency: DLC
  • Modifying agency: OClW
  • Modifying agency: IEN
  • Modifying agency: ICU
  • Modifying agency: DLC
  • Modifying agency: OCoLC

046 ## - SPECIAL CODED DATES

  • Birth date: 1927-10-04
  • Source of date scheme: edtf

100 1# - HEADING--PERSONAL NAME

  • Personal name: Grewal, J. S.

370 ## - ASSOCIATED PLACE

  • Associated country: India

372 ## - FIELD OF ACTIVITY

  • Field of activity: History
  • Source of term: lcsh

373 ## - ASSOCIATED GROUP

  • Associated group: Guru Nanak Dev University
  • Source of term: naf
  • Start period: 1981
  • End period: 1984

373 ## - ASSOCIATED GROUP

  • Associated group: Indian Institute of Advanced Study
  • Source of term: naf
  • Start period: 1989
  • End period: 1993

374 ## - OCCUPATION

  • Occupation: College teachers
  • Occupation: History teachers
  • Source of term: lcsh

377 ## - ASSOCIATED LANGUAGE

  • Language code: eng

400 0# - SEE FROM TRACING--PERSONAL NAME

  • Personal name: Jagtar Singh Grewal

400 1# - SEE FROM TRACING--PERSONAL NAME

  • Personal name: Grewal, Jagtar Singh

400 1# - SEE FROM TRACING--PERSONAL NAME

  • Personal name: Garewāla, Je. Aisa.

670 ## - SOURCE DATA FOUND

  • Source citation: Goswamy, B. N. The Mughals and the Jogis of Jakhbar, 1967

670 ## - SOURCE DATA FOUND

  • Source citation: Info. from N. Delhi Office
  • Information found: (Grewal, J. S. ; Jagtar Singh Grewal, born 10/4/1927)

670 ## - SOURCE DATA FOUND

  • Source citation: Akālīāṃ de 75 sāla, 1996:
  • Information found: title page (Je. Aisa. Garewāla)

670 ## - SOURCE DATA FOUND

  • Source citation: The state and society in medieval India, 2005:
  • Information found: title page (J.S. Grewal) page xi (chairman of the Governing Body of the Indian Institute of Advanced Study; former professor of history and vice-chancellor, Guru Nanak Dev University, Amritsar, and director, Indian Institute of Advanced Study, Shimla)

670 ## - SOURCE DATA FOUND

  • Source citation: Info. converted from 678, 2012-10-02
  • Information found: (b. 1927)

670 ## - SOURCE DATA FOUND

  • Source citation: Lectures on religion, Sikh identity and politics in the Punjab, 2014:
  • Information found: title page (J.S. Grewal) page facing title page (vice-chancellor of Guru Nanak Dev University, from 1981 to 1984 and director of Indian Institute of Advanced Study at Shimla from 1989 to 1993)

Powered by Koha